000 00622nam a2200193Ia 4500
003 GCL
008 140319s9999 xx 000 0 ara d
040 _aGCL /
_cGCL
082 0 4 _aط
_b813.0872
_bد ا
100 1 _aدار الراتب الجامعية
245 1 0 _aالاشباح العاشقة /
_cدار الراتب الجامعية
260 _a[S.N] :
_bدار الراتب الجامعية
300 _a126 ص
490 _aاروع قصص الرعب والتشويق
_v0
650 0 4 _aالاطفال
650 0 4 _aالقصص البوليسية
650 0 4 _aالقصص الخرافية
942 _2ddc
_cBK
999 _c56709
_d56709